2020 Democrats by Picture - Statistics

General Stats
  • This quiz has been taken 135 times
    113 since last reset
  • The average score is 15 of 27
Answer Stats
Picture Answer % Correct
Joe Biden
99%
Elizabeth Warren
94%
Kamala Harris
93%
Pete Buttigieg
93%
Bernie Sanders
92%
Andrew Yang
82%
Cory Booker
78%
Beto O'Rourke
72%
Tulsi Gabbard
69%
Amy Klobuchar
68%
Julian Castro
59%
Kirsten Gillibrand
57%
Marianne Williamson
56%
Michael Bennet
48%
Bill De Blasio
46%
John Hickenlooper
46%
John Delaney
44%
Eric Swalwell
43%
Tim Ryan
43%
Tom Steyer
42%
Richard Ojeda
37%
Jay Inslee
35%
Mike Gravel
35%
Steve Bullock
33%
Seth Moulton
29%
Wayne Messam
29%
Joe Sestak
24%
No matching quizzes found
Score Distribution
Percent of People with Each Score
Percentile by Number Answered
Your Score History
You have not taken this quiz since the last reset